00489nam a2200145 a 450000100100000000500170001000800410002704000250006808200150009310000240010824500930013226000580022530000260028350000340030900002693820200930030512.0110328s1939 dr 000 0 spa d aDO-SdBNPbspacBNPHU axxxbF825a1 aFranco, Pericles A.10aAnuario estadístico de la República Dominicana del año 1939 /cPericles A. Franco. aSantiago, República Dominicana :bEl Diario,c1939. av. :bmapas ;c26 cm. aLa biblioteca posee el tomo I